01724cam a2200253 a 450000100090000000300060000900500170001500800410003202000180007303500130009104000180010408200210012210000210014324500890016425000180025326000450027130000290031633600260034533700280037133800270039950400510042650509630047765000300144015647876GBCCL20251105140827.0090305s2009 coua b 001 0 eng  a9781600063619 a15647876 aDLCcDLCdDLC00a253.5222bCOL 11 aCollins, Gary R.10aChristian coaching :bhelping others turn potential into reality /cGary R. Collins. aRev., 2nd ed. aColorado Springs, CO :bNavPress,c2009. a411 p. :bill. ;c24 cm. atextbtxt2rdacontent aunmediatedbn2rdamedia avolumebnc2rdacarrier aIncludes bibliographical references and index. aWhat is coaching? What makes a good coach? Coaching: it's all about change Coaching: it's a lot about leadership The coaching relationship The coaching skills: listening, questioning, responding Coaching models and issues Getting in touch with the present Getting in touch with the person Clarifying the vision Moving with a mission Coaching for action: goal setting and strategies Coaching through obstacles Transitions and life coaching Relationship and marriage coaching Career coaching Executive and business coaching Churches, spirituality, and coaching The profession and business of coaching Crossing cultures in coaching The challenges of coaching The future of coaching Appendixes. Graph of life Evaluating coaching potential Coaching facts Coaching agreement "Getting to know you" personal information form Identifying values What are your spiritual gifts? Clarifying your mission statement Writing a ten-year letter Energy drainers Finding a coach 0aMentoring in church work.